000 00818cam a22002651 4500
999 _c6085
_d6085
001 6085
003 BD-JhCC
005 20180102102746.0
008 730221s1966 nyua 000 0 eng
035 _a(BD-JhCC)6085
035 _a(OCoLC)561501
040 _aDLC
_cODaWU
_dOCoLC
_dDLC
041 _aeng
050 0 0 _aTA350.7
_b.P55
082 _a620.11
_bPLA 1966
100 1 _aPlants, Helen Lester.
245 1 0 _aProgrammed topics in statics and strength of materials /
_cby Helen Lester Plants and Russell Rex Haynes.
260 _aNew York,
_bMcGraw-Hill
_c[1966]
300 _axii, 178 p.
_billus.
_c23 cm.
650 0 _aStatics
_xProblems, exercises, etc.
650 0 _aStrength of materials
_vProblems, exercises, etc.
700 1 _aHaynes, Russell Rex,
942 _2ddc
_cBK